[Event "4NCL Division 4 South"]
[Site "Reading, ENG"]
[Date "2017.11.11"]
[Round "1.95"]
[White "Lettington, David"]
[Black "Coburn, Joseph A"]
[Result "1/2-1/2"]
[WhiteElo "1645"]
[BlackElo "1784"]
[PlyCount "52"]
[EventDate "2017.11.11"]
[WhiteTeam "Invicta Chess"]
[BlackTeam "Wessex B"]

1. Nf3 e6 2. g3 b6 3. Bg2 Bb7 4. O-O Nf6 5. d3 d5 6. Nbd2 Be7 7. c3 O-O 8. Qe1
Nbd7 9. e4 Nc5 10. e5 Nfd7 11. d4 Nd3 12. Qe3 Nxc1 13. Raxc1 c5 14. h4 Re8 15.
Nh2 f5 16. f4 Rc8 17. Ndf3 h6 18. Qe2 a6 19. Nd2 b5 20. Qh5 Nf8 21. Ndf3 Qd7
22. g4 Bd8 23. gxf5 exf5 24. Bh3 g6 25. Qxh6 Re7 26. Ng5 Rg7 1/2-1/2

[Event "4NCL Division 4 South"]
[Site "Reading, ENG"]
[Date "2017.11.11"]
[Round "1.96"]
[White "Lovell, William Pm"]
[Black "Oram, Dominic"]
[Result "1-0"]
[WhiteElo "1635"]
[BlackElo "1547"]
[PlyCount "59"]
[EventDate "2017.11.11"]
[WhiteTeam "Wessex B"]
[BlackTeam "Invicta Chess"]

1. d4 d5 2. Bf4 Bf5 3. e3 e6 4. Nf3 c5 5. c3 Qb6 6. Qc1 Nc6 7. Nbd2 Nf6 8. h3
Be7 9. Be2 O-O 10. O-O Rac8 11. dxc5 Bxc5 12. Nb3 Nd7 13. Qd2 Rfd8 14. Nbd4 Be4
15. Nxc6 bxc6 16. Ne5 Nxe5 17. Bxe5 f6 18. Bd4 e5 19. Bxc5 Qxc5 20. Bd3 Bxd3
21. Qxd3 Qb6 22. Rab1 e4 23. Qe2 Rf8 24. Rfd1 f5 25. g3 Qc7 26. c4 Qf7 27. cxd5
cxd5 28. Rd4 h5 29. Rbd1 Rcd8 30. Qd2 1-0

[Event "4NCL Division 4 South"]
[Site "Reading, ENG"]
[Date "2017.11.11"]
[Round "1.101"]
[White "Jamroz, Krzysztof"]
[Black "Webb, Richard M"]
[Result "1/2-1/2"]
[WhiteElo "1963"]
[BlackElo "2243"]
[PlyCount "83"]
[EventDate "2017.11.11"]
[WhiteTeam "K Kings 2"]
[BlackTeam "Crowthorne"]

1. e4 c5 2. Nf3 d6 3. c3 Nf6 4. Be2 Nbd7 5. d3 g6 6. O-O b6 7. Re1 Bb7 8. Nbd2
Bg7 9. Nf1 O-O 10. Ng3 e5 11. Bf1 d5 12. exd5 Nxd5 13. d4 exd4 14. cxd4 Re8 15.
Rxe8+ Qxe8 16. a4 Rc8 17. a5 Bc6 18. axb6 axb6 19. Ra7 Ra8 20. Rxa8 Qxa8 21.
dxc5 Nxc5 22. Nd4 Qa4 23. Qxa4 Bxa4 24. Nge2 Nd3 25. b3 Nxc1 26. bxa4 Nxe2+ 27.
Nxe2 Kf8 28. g3 Ke7 29. Bg2 Kd6 30. Kf1 Nb4 31. Nc1 Kc5 32. Ke2 Kc4 33. Be4 Bd4
34. f3 Nd5 35. Na2 Nc7 36. Bc2 Ne6 37. Kd2 Bg1 38. Nc3 Bxh2 39. Ne2 Nd4 40.
Nxd4 Kxd4 41. g4 Bf4+ 42. Ke2 1/2-1/2

[Event "4NCL Division 4 South"]
[Site "Reading, ENG"]
[Date "2017.11.11"]
[Round "1.102"]
[White "Coates, Kenneth G"]
[Black "Jamroz, Viktor"]
[Result "0-1"]
[WhiteElo "2109"]
[BlackElo "1678"]
[PlyCount "67"]
[EventDate "2017.11.11"]
[WhiteTeam "Crowthorne"]
[BlackTeam "K Kings 2"]

1. d4 Nf6 2. Nf3 g6 3. Nc3 d5 4. Bf4 Bg7 5. Qd2 O-O 6. Bh6 Nc6 7. Bxg7 Kxg7 8.
e3 Qd6 9. Be2 a6 10. O-O b5 11. Rad1 b4 12. Nb1 Ne4 13. Qc1 a5 14. c4 bxc3 15.
Nxc3 Nxc3 16. Qxc3 Ba6 17. Rfe1 f6 18. a3 Rfb8 19. Rc1 Rb6 20. Bxa6 Raxa6 21.
Re2 a4 22. g3 Ra7 23. Qc5 Na5 24. Qxd6 cxd6 25. Rcc2 Rab7 26. Ne1 Rb3 27. e4
dxe4 28. Rxe4 d5 29. Re6 Nc4 30. Ra6 Nxb2 31. Rc5 Rxa3 32. Nc2 Ra2 33. Ne3 Nd3
34. Rc2 0-1

[Event "4NCL Division 4 South"]
[Site "Reading, ENG"]
[Date "2017.11.11"]
[Round "1.103"]
[White "Maladkar, Ritika"]
[Black "Purdon, Colin"]
[Result "0-1"]
[WhiteElo "1585"]
[BlackElo "2058"]
[Annotator "Alan"]
[PlyCount "64"]
[EventDate "2017.11.11"]
[WhiteTeam "K Kings 2"]
[BlackTeam "Crowthorne"]

1. e4 c6 2. d4 d5 3. exd5 cxd5 4. Bd3 Nc6 5. c3 Qc7 6. Nf3 Bg4 7. Nbd2 Nf6 8.
Qc2 e6 9. O-O Bd6 10. h3 Bh5 11. b4 Rc8 12. Qa4 O-O 13. Ba3 Qe7 14. Bb2 a6 15.
Rfe1 Qc7 16. a3 b5 17. Qc2 Bg6 18. Bxg6 hxg6 19. Re2 a5 20. Qd3 Qb8 21. Rae1
Nh5 22. Qb1 Qc7 23. Ne5 Bxe5 24. dxe5 Nf4 25. Re3 Qe7 26. Rg3 d4 27. cxd4 axb4
28. axb4 Qxb4 29. Nb3 Rfd8 30. Bc3 Qe7 31. Qe4 Nd5 32. Bd2 Qc7 {time} 0-1

[Event "4NCL Division 4 South"]
[Site "Reading, ENG"]
[Date "2017.11.11"]
[Round "1.104"]
[White "Tart, Peter K"]
[Black "Maladkar, Lavanya"]
[Result "1-0"]
[WhiteElo "1922"]
[BlackElo "1534"]
[PlyCount "55"]
[EventDate "2017.11.11"]
[WhiteTeam "Crowthorne"]
[BlackTeam "K Kings 2"]

1. e4 c5 2. Nc3 d6 3. f4 Nc6 4. Nf3 g6 5. Bc4 e6 6. O-O Bg7 7. d3 Nf6 8. Qe1
O-O 9. Qh4 a6 10. f5 d5 11. Bb3 d4 12. Ne2 exf5 13. Bg5 fxe4 14. dxe4 Qd6 15.
Bf4 Qd7 16. e5 Nh5 17. e6 fxe6 18. Ng5 Qe7 19. Ng3 Nf6 20. Rae1 Kh8 21. Bd6
Qxd6 22. Rxf6 h6 23. Rxg6 Qe7 24. Rxh6+ Bxh6 25. Qxh6+ Kg8 26. Rxe6 Bxe6 27.
Bxe6+ Qxe6 28. Qh7# 1-0

[Event "4NCL Division 4 South"]
[Site "Reading, ENG"]
[Date "2017.11.11"]
[Round "1.105"]
[White "Johnson, Elizabeth"]
[Black "Upham, John E"]
[Result "1/2-1/2"]
[WhiteElo "1383"]
[BlackElo "1607"]
[PlyCount "34"]
[EventDate "2017.11.11"]
[WhiteTeam "K Kings 2"]
[BlackTeam "Crowthorne"]

1. e4 c6 2. d4 d5 3. Nc3 dxe4 4. Nxe4 Bf5 5. Ng3 Bg6 6. Nh3 e6 7. Nf4 Bd6 8.
Nxg6 hxg6 9. Qf3 Nf6 10. Bg5 Qa5+ 11. Bd2 Qd5 12. Qxd5 cxd5 13. Bd3 Nc6 14. c3
Rc8 15. O-O a6 16. f4 b5 17. b4 Kd7 1/2-1/2

[Event "4NCL Division 4 South"]
[Site "Reading, ENG"]
[Date "2017.11.11"]
[Round "1.106"]
[White "Love, James"]
[Black "Maladkar, Vivek"]
[Result "1-0"]
[WhiteElo "1450"]
[BlackElo "1300"]
[Annotator "Alan"]
[PlyCount "47"]
[EventDate "2017.11.11"]
[WhiteTeam "Crowthorne"]
[BlackTeam "K Kings 2"]

1. e4 e5 2. Nf3 Nc6 3. d4 f6 4. Bc4 d6 5. Be3 g5 6. Nxg5 fxg5 7. Qh5+ Kd7 8.
Qf7+ Nce7 9. Be6+ Kc6 10. d5+ Kb5 11. Na3+ Ka6 12. Qf3 b6 13. Qe2+ Kb7 14. Qb5
a6 15. Qb3 Kb8 16. Nc4 b5 17. Na5 c6 18. Nxc6+ Nxc6 19. dxc6 g4 20. Bxg8 Qa5+
21. Bd2 Be7 22. Bxa5 h5 23. Bb6 Bd8 24. Bxd8 {scoresheets differ} 1-0

[Event "4NCL Division 4 South"]
[Site "Reading, ENG"]
[Date "2017.11.11"]
[Round "1.111"]
[White "Tivillier, Jacques"]
[Black "Wilks, Simon"]
[Result "1/2-1/2"]
[WhiteElo "1760"]
[BlackElo "2019"]
[PlyCount "121"]
[EventDate "2017.11.11"]
[WhiteTeam "Iceni 3"]
[BlackTeam "All Anands on Deck"]

1. e4 e6 2. d4 d5 3. e5 c5 4. c3 Nc6 5. Nf3 Nh6 6. Na3 cxd4 7. cxd4 f6 8. Be2
fxe5 9. dxe5 Nf7 10. O-O Nfxe5 11. Nxe5 Nxe5 12. Bh5+ g6 13. Re1 Bg7 14. f4
gxh5 15. fxe5 Qh4 16. Bd2 O-O 17. Rc1 Bd7 18. Rc3 Qf2+ 19. Kh1 Bxe5 20. Rh3 Be8
21. Be3 Qf6 22. Bc5 Bg6 23. Bxf8 Rxf8 24. Rf3 Qg7 25. Rxf8+ Kxf8 26. Qe2 Be4
27. Rc1 Qg4 28. Rc8+ Kg7 29. Qf2 Qd1+ 30. Qg1 Qxg1+ 31. Kxg1 a6 32. b3 Kf7 33.
Nc2 Ke7 34. Ne1 Kd7 35. Rf8 Bd4+ 36. Kf1 Ke7 37. Rc8 Kd7 38. Rf8 Bc5 39. Rf7+
Be7 40. Nf3 Bf5 41. Rg7 Kd6 42. Ne5 Bf6 43. Rg8 d4 44. Ke2 Kd5 45. Nf3 Bg6 46.
Rf8 Be7 47. Rb8 d3+ 48. Kd1 b5 49. Rb6 e5 50. Rxa6 e4 51. Ne1 h4 52. Ra5 Bh5+
53. Nf3 Kc5 54. a4 exf3 55. Rxb5+ Kc6 56. gxf3 Bxf3+ 57. Kd2 Be2 58. Re5 Bd6
59. Rxe2 dxe2 60. Kxe2 Bxh2 61. Kf3 1/2-1/2

[Event "4NCL Division 4 South"]
[Site "Reading, ENG"]
[Date "2017.11.11"]
[Round "1.112"]
[White "Penna, Tommaso"]
[Black "Collicott, Peter J"]
[Result "1-0"]
[WhiteElo "1977"]
[BlackElo "1677"]
[PlyCount "69"]
[EventDate "2017.11.11"]
[WhiteTeam "All Anands on Deck"]
[BlackTeam "Iceni 3"]

1. e4 e6 2. d4 d5 3. Nd2 dxe4 4. Nxe4 Nd7 5. Nf3 Ndf6 6. Bd3 Nxe4 7. Bxe4 Nf6
8. Bg5 Be7 9. Bxf6 Bxf6 10. Qd3 c5 11. Qb5+ Qd7 12. Qxc5 Be7 13. Qa5 Bd8 14.
Qa3 Be7 15. Qb3 Rb8 16. O-O O-O 17. Rad1 Bf6 18. Rfe1 b6 19. Ne5 Bxe5 20. dxe5
Qe7 21. Qd3 Bb7 22. Bxh7+ Kh8 23. Qh3 Bxg2 24. Kxg2 Qg5+ 25. Kh1 Rbc8 26. Be4+
Qh6 27. Qxh6+ gxh6 28. Rd2 a6 29. Rd6 Rc5 30. Bd3 Rg8 31. Rxb6 Rg5 32. Rxa6 Rd5
33. Rg1 Rxg1+ 34. Kxg1 Rxe5 35. Ra8+ 1-0

[Event "4NCL Division 4 South"]
[Site "Reading, ENG"]
[Date "2017.11.11"]
[Round "1.113"]
[White "Carter, Dominic A"]
[Black "Jones, Tibor"]
[Result "1/2-1/2"]
[WhiteElo "1673"]
[BlackElo "1844"]
[PlyCount "88"]
[EventDate "2017.11.11"]
[WhiteTeam "Iceni 3"]
[BlackTeam "All Anands on Deck"]

1. d4 d5 2. Nf3 Nf6 3. g3 c6 4. Bg2 Bg4 5. c4 e6 6. Qc2 Nbd7 7. O-O Bd6 8. Nc3
dxc4 9. e4 e5 10. Be3 O-O 11. a4 a5 12. Nd2 Nb6 13. f3 Be6 14. Rad1 Qe7 15.
dxe5 Bc5 16. Bf2 Nfd7 17. f4 f6 18. f5 Nxe5 19. fxe6 Bxf2+ 20. Rxf2 Ng4 21. Nf3
Ne3 22. Qe2 Nxd1 23. Qxd1 Rfd8 24. Rd2 Rxd2 25. Qxd2 Qxe6 26. Qd4 Nd7 27. Bf1
Qe7 28. Bxc4+ Kf8 29. Ba2 Rd8 30. Qc4 Qc5+ 31. Qxc5+ Nxc5 32. Bc4 Re8 33. Nd2
Rd8 34. Nf3 Re8 35. Nd2 Rd8 36. Nf3 Nd3 37. Bxd3 Rxd3 38. Kf2 Ke7 39. Ke2 Rd8
40. Ke3 Ke6 41. Nd4+ Ke5 42. Nf3+ Ke6 43. Nd4+ Ke5 44. Nf3+ Ke6 1/2-1/2

[Event "4NCL Division 4 South"]
[Site "Reading, ENG"]
[Date "2017.11.11"]
[Round "1.114"]
[White "Perez Fadon, Andres"]
[Black "Ryan, John"]
[Result "1-0"]
[WhiteElo "1550"]
[BlackElo "1547"]
[PlyCount "74"]
[EventDate "2017.11.11"]
[WhiteTeam "All Anands on Deck"]
[BlackTeam "Iceni 3"]

1. d4 d5 2. Nf3 Nf6 3. Bf4 e6 4. e3 Bd6 5. Bg3 Bxg3 6. hxg3 a6 7. Bd3 h6 8.
Nbd2 Nbd7 9. Ne5 Nxe5 10. dxe5 Nd7 11. Qg4 g5 12. f4 f5 13. Qh5+ Ke7 14. fxg5
Qg8 15. Nf3 Qg7 16. Qh4 h5 17. Qf4 b5 18. Kd2 Bb7 19. Rh2 Rh7 20. Rah1 Rah8 21.
Be2 c5 22. Nh4 Kd8 23. Nf3 Nf8 24. g6 Nxg6 25. Qg5+ Ne7 26. Rxh5 Qxg5 27. Nxg5
Rxh5 28. Rxh5 Re8 29. Nxe6+ Kd7 30. Nxc5+ Kc6 31. Nxb7 Kxb7 32. Bf3 Kb6 33. g4
fxg4 34. Bxg4 Kc5 35. c3 Rf8 36. Bf3 Nf5 37. e6 Ng3 1-0

[Event "4NCL Division 4 South"]
[Site "Reading, ENG"]
[Date "2017.11.11"]
[Round "1.115"]
[White "Rowles, Sarah"]
[Black "Napolitano, Domenico"]
[Result "1-0"]
[WhiteElo "1530"]
[BlackElo "1464"]
[PlyCount "130"]
[EventDate "2017.11.11"]
[WhiteTeam "Iceni 3"]
[BlackTeam "All Anands on Deck"]

1. d4 d5 2. e3 Nf6 3. Bd3 Bg4 4. Nf3 Ne4 5. Nbd2 Bf5 6. O-O e6 7. Qe2 Bd6 8.
Re1 c5 9. b3 Nc3 10. Qf1 Be4 11. Bb2 Bxf3 12. Nxf3 Ne4 13. dxc5 Bxc5 14. Bxg7
Rg8 15. Bd4 Ng5 16. Nxg5 Bxd4 17. exd4 Rxg5 18. Bxh7 Rh5 19. Bd3 Qh4 20. h3
Qxd4 21. Rxe6+ Kd7 22. Re3 Nc6 23. Be2 Re5 24. Bg4+ f5 25. Rxe5 Qxe5 26. Bf3
Nd4 27. Re1 Nxf3+ 28. gxf3 Rg8+ 29. Kh1 Qc3 30. Qb5+ Kd6 31. Qe2 Qf6 32. f4 Qg7
33. Qe5+ Qxe5 34. fxe5+ Ke6 35. f4 Rc8 36. Re2 Rc3 37. Kh2 Rf3 38. Kg2 Rxf4 39.
Kg3 Rf1 40. Kh4 Rf4+ 41. Kg5 Re4 42. Rxe4 fxe4 43. Kf4 e3 44. Kxe3 Kxe5 45. c3
b5 46. h4 a5 47. h5 a4 48. h6 Kf6 49. Kd4 Kg6 50. Kxd5 Kxh6 51. Kc5 axb3 52.
axb3 Kg6 53. Kxb5 Kf6 54. Kc6 Ke7 55. Kc7 Ke8 56. b4 Ke7 57. c4 Ke6 58. c5 Kd5
59. c6 Kc4 60. Kd7 Kxb4 61. c7 Kb5 62. c8=Q Ka4 63. Qb7 Ka5 64. Kc6 Ka4 65. Kc5
Ka5 1-0

[Event "4NCL Division 4 South"]
[Site "Reading, ENG"]
[Date "2017.11.11"]
[Round "1.116"]
[White "Deshpande, Apurva"]
[Black "Mellor, Jessica"]
[Result "1-0"]
[WhiteElo "1532"]
[BlackElo "1255"]
[PlyCount "79"]
[EventDate "2017.11.11"]
[WhiteTeam "All Anands on Deck"]
[BlackTeam "Iceni 3"]

1. d4 Nf6 2. c4 e6 3. Nc3 d5 4. Nf3 Be7 5. Bf4 a6 6. c5 b6 7. b4 Nc6 8. a3 Ne4
9. Qc2 f5 10. e3 O-O 11. Be2 Bd7 12. O-O g5 13. Be5 g4 14. Nd2 Nxe5 15. Ncxe4
dxe4 16. dxe5 Qe8 17. f3 exf3 18. gxf3 Bc6 19. e4 Qg6 20. Kh1 Kh8 21. Rg1 h5
22. cxb6 Qe8 23. Rac1 gxf3 24. Bxf3 fxe4 25. Bxe4 Bxe4+ 26. Qxe4 cxb6 27. Rg6
Rf7 28. Rh6+ Kg8 29. Rg1+ Bg5 30. Rxg5+ Kf8 31. Rh8+ Ke7 32. Rxe8+ Rxe8 33.
Qb7+ Kf8 34. Qxb6 Rc8 35. Qxe6 Rc1+ 36. Kg2 Rc2 37. Qd6+ Re7 38. Qf6+ Ke8 39.
Rg8+ Kd7 40. Qd6# 1-0

[Event "4NCL Division 4 South"]
[Site "Reading, ENG"]
[Date "2017.11.11"]
[Round "1.121"]
[White "McLean, Rory"]
[Black "Karia, Rishul"]
[Result "0-1"]
[WhiteElo "1540"]
[BlackElo "1915"]
[PlyCount "38"]
[EventDate "2017.11.11"]
[WhiteTeam "Barnet Knights 3"]
[BlackTeam "Barnet Knights 2"]

1. d4 Nf6 2. Nf3 g6 3. e3 Bg7 4. Bd3 d6 5. O-O Nc6 6. Nbd2 O-O 7. c3 e5 8. e4
Nh5 9. dxe5 Nf4 10. Bc4 dxe5 11. Re1 Bg4 12. h3 Bh5 13. g4 Nxh3+ 14. Kg2 Bxg4
15. Rh1 Nf4+ 16. Kg1 Qd7 17. Kf1 Na5 18. Qc2 Nxc4 19. Nxc4 Bxf3 0-1

[Event "4NCL Division 4 South"]
[Site "Reading, ENG"]
[Date "2017.11.11"]
[Round "1.122"]
[White "Willmoth, Harrison"]
[Black "Vaidya, Raghav"]
[Result "1-0"]
[WhiteElo "1825"]
[BlackElo "1495"]
[PlyCount "60"]
[EventDate "2017.11.11"]
[WhiteTeam "Barnet Knights 2"]
[BlackTeam "Barnet Knights 3"]

1. e4 c5 2. Nf3 Nc6 3. Bb5 Qc7 4. O-O Nf6 5. Re1 e5 6. c3 a6 7. Bxc6 bxc6 8. d4
cxd4 9. cxd4 d6 10. Nc3 Bg4 11. Be3 Be7 12. h3 Bd7 13. Rc1 Rb8 14. Qc2 Qb7 15.
dxe5 dxe5 16. Nxe5 Qxb2 17. Qd3 Qb7 18. Bf4 Rd8 19. Qc4 O-O 20. Rb1 Qa8 21. Rb6
Be6 22. Qa4 c5 23. Rxa6 Qc8 24. Nc6 Rd7 25. Rb1 Rb7 26. Rxb7 Qxb7 27. Ra7 Qb2
28. Nxe7+ Kh8 29. Ra8 Rg8 30. Nxg8 Nxg8 1-0

[Event "4NCL Division 4 South"]
[Site "Reading, ENG"]
[Date "2017.11.11"]
[Round "1.123"]
[White "Sezer, Steve"]
[Black "Hung, Jake"]
[Result "0-1"]
[WhiteElo "1487"]
[BlackElo "1757"]
[PlyCount "87"]
[EventDate "2017.11.11"]
[WhiteTeam "Barnet Knights 3"]
[BlackTeam "Barnet Knights 2"]

1. d4 d5 2. c4 c6 3. Nc3 Nf6 4. Nf3 e6 5. Bg5 Be7 6. e3 Nbd7 7. Bd3 O-O 8. Qc2
h6 9. Bh4 dxc4 10. Bxc4 b5 11. Bd3 a6 12. O-O Bb7 13. Rad1 Re8 14. Ne5 Nxe5 15.
dxe5 Nd7 16. Bg3 c5 17. b3 Qc7 18. Rc1 Nb6 19. Qe2 Red8 20. Rfd1 Rac8 21. Qh5
Qb8 22. Be4 Bf8 23. Qg4 Kh8 24. Bf4 b4 25. Bxb7 Qxb7 26. Rxd8 Rxd8 27. Ne2 Rd2
28. e4 Rxa2 29. Rd1 Qxe4 30. Ng3 Qc2 31. Be3 Nd5 32. Nf1 Nxe3 33. fxe3 Qf2+ 34.
Kh1 Qe2 35. Qxe2 Rxe2 36. Ra1 Rb2 37. Rxa6 Rxb3 38. Nd2 Rxe3 39. Ra1 Rxe5 40.
Rc1 Rd5 41. Ne4 f5 42. Nf2 Rd2 43. Nd1 c4 44. Nb2 0-1

[Event "4NCL Division 4 South"]
[Site "Reading, ENG"]
[Date "2017.11.11"]
[Round "1.124"]
[White "Karia, Devin"]
[Black "Angelopoulos, Nicos"]
[Result "1-0"]
[WhiteElo "1652"]
[BlackElo "1450"]
[PlyCount "97"]
[EventDate "2017.11.11"]
[WhiteTeam "Barnet Knights 2"]
[BlackTeam "Barnet Knights 3"]

1. d4 d5 2. Nf3 Nc6 3. Bf4 Nf6 4. c4 dxc4 5. Nc3 a6 6. d5 Na7 7. e4 e6 8. Bxc4
Bd6 9. e5 Nh5 10. Qd2 Nxf4 11. Qxf4 Bb4 12. dxe6 Bxc3+ 13. bxc3 Bxe6 14. Bxe6
fxe6 15. Qa4+ Qd7 16. Qxd7+ Kxd7 17. Rd1+ Ke7 18. O-O Rad8 19. Ng5 h6 20. Ne4
b6 21. c4 Nc6 22. f4 Rd4 23. Rxd4 Nxd4 24. g3 Nf5 25. Rd1 Ne3 26. Rc1 Rd8 27.
c5 Rd1+ 28. Rxd1 Nxd1 29. cxb6 cxb6 30. g4 Ne3 31. h3 Nd5 32. f5 exf5 33. gxf5
Ne3 34. Nd6 b5 35. Kf2 Nc4 36. Nxc4 bxc4 37. Ke3 Kf7 38. Kd4 g6 39. fxg6+ Kxg6
40. Kxc4 Kf7 41. Kd5 Ke7 42. e6 h5 43. h4 a5 44. a4 Kf6 45. Kd6 Kf5 46. e7 Kg4
47. e8=Q Kxh4 48. Qg6 Kh3 49. Qxh5+ 1-0

[Event "4NCL Division 4 South"]
[Site "Reading, ENG"]
[Date "2017.11.11"]
[Round "1.125"]
[White "Angelopoulos, Andreas"]
[Black "Kesterson, Kennan"]
[Result "1/2-1/2"]
[WhiteElo "1465"]
[BlackElo "1592"]
[Annotator "Alan"]
[PlyCount "74"]
[EventDate "2017.11.11"]
[WhiteTeam "Barnet Knights 3"]
[BlackTeam "Barnet Knights 2"]

1. d4 Nf6 2. Nf3 g6 3. c4 Bg7 4. e3 d6 5. Be2 O-O 6. O-O a5 7. Bd2 c5 8. Nc3
Nbd7 9. Re1 e5 10. dxe5 dxe5 11. e4 h6 12. Qc1 Kh7 13. Rd1 Ne8 14. Be3 b6 15.
Nd5 f5 16. exf5 gxf5 17. Qc2 Kg8 18. Rab1 Nef6 19. Qxf5 Re8 20. Nxf6+ Nxf6 21.
Qg6 Qc7 22. Bxh6 Ra7 23. Bg5 Rf8 24. Rd2 Qf7 25. Qxf7+ Rfxf7 26. Nxe5 Ne4 27.
Nxf7 Nxd2 28. Bxd2 Rxf7 29. Rd1 Bxb2 30. Bf3 Kg7 31. Rb1 Bd4 32. Rxb6 Ra7 33.
Bh6+ Kh8 34. Rb8 Kh7 35. Rxc8 Kxh6 36. Rc6+ Kg7 37. Bd5 Re7 {scoresheets differ
} 1/2-1/2

[Event "4NCL Division 4 South"]
[Site "Reading, ENG"]
[Date "2017.11.11"]
[Round "1.126"]
[White "Karia, Kamlesh"]
[Black "Solovieva, Kristina"]
[Result "1/2-1/2"]
[WhiteElo "1637"]
[BlackElo "1375"]
[PlyCount "64"]
[EventDate "2017.11.11"]
[WhiteTeam "Barnet Knights 2"]
[BlackTeam "Barnet Knights 3"]

1. Nf3 Nc6 2. g3 g6 3. Bg2 Bg7 4. c4 Nf6 5. Nc3 O-O 6. d4 d6 7. e4 e5 8. d5 Ne7
9. Bg5 h6 10. Bd2 Nh7 11. Qc1 h5 12. h3 f5 13. Ng5 Bh6 14. O-O Nxg5 15. Bxg5
Bxg5 16. Qxg5 Kg7 17. b4 Ng8 18. Qxd8 Rxd8 19. Rfe1 Nf6 20. Kh2 fxe4 21. Nxe4
Nxe4 22. Bxe4 Bf5 23. f3 Bxe4 24. fxe4 g5 25. Rf1 Rf8 26. Kg2 Rxf1 27. Rxf1 Rf8
28. Rxf8 Kxf8 29. Kf3 Kf7 30. a4 b6 31. b5 Kf6 32. Ke3 Ke7 1/2-1/2

[Event "4NCL Division 4 South"]
[Site "Reading, ENG"]
[Date "2017.11.11"]
[Round "1.131"]
[White "Drel, Anton"]
[Black "Ogunshola, Ben"]
[Result "0-1"]
[WhiteElo "1450"]
[BlackElo "2155"]
[PlyCount "58"]
[EventDate "2017.11.11"]
[WhiteTeam "Barnet Knights 4"]
[BlackTeam "The Pitstop"]

1. e4 c5 2. Nc3 Nc6 3. f4 g6 4. Nf3 Bg7 5. Bb5 Nd4 6. O-O e6 7. d3 Ne7 8. Kh1
O-O 9. Nxd4 cxd4 10. Ne2 d6 11. Qe1 Qc7 12. Bc4 Bd7 13. Qh4 Rae8 14. f5 exf5
15. Bg5 Be6 16. Nf4 Bxc4 17. dxc4 fxe4 18. Qh3 Qxc4 19. c3 d3 20. Qd7 Qc6 21.
Qh3 Nf5 22. Rfe1 h6 23. Bh4 Nxh4 24. Qxh4 g5 25. Qg4 f5 26. Qg3 gxf4 27. Qxf4
d5 28. Re3 Be5 29. Rg3+ Kh7 0-1

[Event "4NCL Division 4 South"]
[Site "Reading, ENG"]
[Date "2017.11.11"]
[Round "1.132"]
[White "Froom, Oliver"]
[Black "Carter, Gavin"]
[Result "1-0"]
[WhiteElo "1945"]
[BlackElo "1277"]
[PlyCount "81"]
[EventDate "2017.11.11"]
[WhiteTeam "The Pitstop"]
[BlackTeam "Barnet Knights 4"]

1. e4 d6 2. d4 c5 3. c3 b6 4. Bd3 Ba6 5. Bxa6 Nxa6 6. Qa4+ Qd7 7. Qxa6 Nf6 8.
f3 g6 9. a4 Bg7 10. Qb5 O-O 11. Qxd7 Nxd7 12. Be3 Rfe8 13. Ne2 e5 14. dxc5 bxc5
15. Na3 a6 16. O-O-O Re6 17. Nc4 Bf8 18. Rd2 f5 19. Rhd1 fxe4 20. Nxd6 exf3 21.
gxf3 Rb8 22. a5 Be7 23. Ne4 Nf8 24. Bxc5 Rb5 25. Bxe7 Rxe7 26. b4 Rbb7 27. Nc5
Ra7 28. Rd6 Rf7 29. R1d3 e4 30. Nxe4 Nd7 31. Rxd7 Raxd7 32. Rxd7 Rxf3 33. Kd2
h5 34. b5 axb5 35. a6 b4 36. a7 bxc3+ 37. N2xc3 Rf8 38. Nd5 Ra8 39. Ndf6+ Kf8
40. Ng5 Rxa7 41. Ngh7# 1-0

[Event "4NCL Division 4 South"]
[Site "Reading, ENG"]
[Date "2017.11.11"]
[Round "1.133"]
[White "Wolstenholme, Otis"]
[Black "Green, George D A"]
[Result "0-1"]
[WhiteElo "1277"]
[BlackElo "1862"]
[PlyCount "90"]
[EventDate "2017.11.11"]
[WhiteTeam "Barnet Knights 4"]
[BlackTeam "The Pitstop"]

1. d4 Nf6 2. c4 g6 3. Nc3 Bg7 4. e4 d6 5. h3 Nbd7 6. Nf3 O-O 7. Bd3 e5 8. d5
Nc5 9. Bc2 a5 10. O-O Nfd7 11. Re1 f5 12. exf5 gxf5 13. Bg5 Qe8 14. Nb5 Na6 15.
Qb1 Nb6 16. b3 Nxd5 17. Bc1 Ndb4 18. Bb2 Qg6 19. a3 Nxc2 20. Qxc2 c6 21. Nc3 e4
22. Nh2 Nc5 23. Rab1 Ne6 24. Re2 Nf4 25. g3 Nxe2+ 26. Nxe2 Bxb2 27. Qxb2 f4 28.
g4 h5 29. Kh1 hxg4 30. Nxg4 Qh5 31. Nf6+ Rxf6 32. Qxf6 Qxh3+ 33. Kg1 Qg4+ 34.
Kh1 Qh5+ 35. Kg1 Bh3 36. Nxf4 Qg4+ 37. Kh2 Rf8 38. Nxh3 Rxf6 39. Rg1 Qxg1+ 40.
Kxg1 Rf3 41. Ng5 Rxb3 42. Nxe4 Rxa3 43. Nxd6 Rb3 44. Ne4 a4 45. Nc5 Rb1+ 0-1

[Event "4NCL Division 4 South"]
[Site "Reading, ENG"]
[Date "2017.11.11"]
[Round "1.134"]
[White "Sloan, Hamish"]
[Black "Savas, Stoica M"]
[Result "1-0"]
[WhiteElo "1517"]
[BlackElo "1300"]
[PlyCount "99"]
[EventDate "2017.11.11"]
[WhiteTeam "The Pitstop"]
[BlackTeam "Barnet Knights 4"]

1. e4 d5 2. exd5 Nf6 3. d4 Nxd5 4. c4 Nb6 5. Nc3 Bf5 6. Nf3 e6 7. a3 c5 8. Be3
N8d7 9. dxc5 Nxc5 10. Bxc5 Bxc5 11. b4 Be7 12. c5 Nd5 13. Bb5+ Kf8 14. Nxd5
Qxd5 15. Qxd5 exd5 16. Nd4 Bg6 17. Rd1 Be4 18. O-O a6 19. Ba4 a5 20. b5 Rc8 21.
c6 b6 22. Rfe1 Bd6 23. f3 Bg6 24. Re3 Be7 25. Re5 f6 26. Rxd5 Bf7 27. Rd7 Be6
28. Rb7 Rd8 29. Kf2 Bc5 30. Kf1 Bxd4 31. Rxd4 Rxd4 32. c7 Rg8 33. Bb3 Bc8 34.
Rb8 Ke7 35. Bxg8 Bd7 36. c8=Q Bxc8 37. Rxc8 Ra4 38. Rc3 Kd6 39. Ke2 Ke5 40. h3
Kf4 41. Kf2 Rd4 42. Rc4 Rxc4 43. Bxc4 h6 44. g3+ Ke5 45. Ke3 g5 46. f4+ gxf4+
47. gxf4+ Kd6 48. Kd4 h5 49. h4 a4 50. Bf7 1-0

[Event "4NCL Division 4 South"]
[Site "Reading, ENG"]
[Date "2017.11.11"]
[Round "1.135"]
[White "Wolstenholme, Scarlet"]
[Black "Fernando, Manel"]
[Result "0-1"]
[WhiteElo "1277"]
[BlackElo "1499"]
[Annotator "Alan"]
[PlyCount "63"]
[EventDate "2017.11.11"]
[WhiteTeam "Barnet Knights 4"]
[BlackTeam "The Pitstop"]

1. d4 d5 2. c4 c6 3. Nf3 Nf6 4. g3 Bf5 5. Bg2 e6 6. O-O Be7 7. Bf4 O-O 8. Nbd2
Nbd7 9. Ne5 Nxe5 10. dxe5 Ne4 11. Nxe4 Bxe4 12. Bxe4 dxe4 13. h4 h6 14. Qxd8
Raxd8 15. Rfd1 f6 16. exf6 Bxf6 17. Bd6 Rfe8 18. Rd2 Re7 19. Rad1 Ree8 20. b4
Bc3 21. Rc2 Bxb4 22. Kg2 Bxd6 23. Rcd2 c5 24. Kh3 Kf7 25. g4 Ke7 26. g5 h5 27.
e3 Bc7 28. Rxd8 Rxd8 29. Rxd8 Kxd8 30. a4 Kd7 31. Kg2 Kc6 32. f3 {scoresheets}
0-1

[Event "4NCL Division 4 South"]
[Site "Reading, ENG"]
[Date "2017.11.11"]
[Round "1.136"]
[White "Faizi, Tariq"]
[Black "Vaidya, Pranav"]
[Result "1-0"]
[WhiteElo "1456"]
[BlackElo "827"]
[PlyCount "43"]
[EventDate "2017.11.11"]
[WhiteTeam "The Pitstop"]
[BlackTeam "Barnet Knights 4"]

1. d4 d5 2. g3 Nc6 3. Bg2 Nf6 4. c3 e5 5. dxe5 Ne4 6. Nd2 Bf5 7. Ngf3 Bc5 8.
O-O d4 9. Nxd4 Nxe5 10. Nxe4 Bxe4 11. Bxe4 c6 12. Bf4 Ng4 13. Nxc6 Bxf2+ 14.
Rxf2 Qb6 15. Nd4 Rd8 16. Rf1 O-O 17. Qc2 Rfe8 18. Bxh7+ Kf8 19. Bf5 Nf6 20. Qb3
Rxe2 21. Qxb6 axb6 22. Nxe2 1-0

[Event "4NCL Division 4 South"]
[Site "Reading, ENG"]
[Date "2017.11.11"]
[Round "1.201"]
[White "Lightfoot, Malcolm J"]
[Black "Hadi, Justin"]
[Result "0-1"]
[WhiteElo "1883"]
[BlackElo "1985"]
[PlyCount "92"]
[EventDate "2017.11.11"]
[WhiteTeam "Iceni 2"]
[BlackTeam "Oxford 3"]

1. e4 c5 2. Nf3 Nc6 3. d4 cxd4 4. Nxd4 Qb6 5. Nb3 Nf6 6. Nc3 e6 7. Be3 Qc7 8.
Bd3 d6 9. O-O Be7 10. f4 O-O 11. Qf3 a6 12. a4 b6 13. Qg3 Bb7 14. f5 Ne5 15.
Bh6 Neg4 16. Bd2 exf5 17. Rxf5 Bc8 18. Rff1 Ne5 19. Nd5 Nxd5 20. exd5 f5 21.
Bc3 g6 22. Rad1 Bd7 23. a5 b5 24. Be2 Rae8 25. Bd4 Bf6 26. Qc3 Qb7 27. Bf3 Rc8
28. Qd2 Rc4 29. Be2 Rc7 30. Bb6 Rcc8 31. Nc1 Rfe8 32. Rfe1 Nc4 33. Bxc4 Rxe1+
34. Rxe1 Rxc4 35. c3 Rc8 36. Ne2 Re8 37. b3 Re4 38. Rd1 Qc8 39. Bd4 Bxd4+ 40.
Nxd4 Qc5 41. Qg5 Qxc3 42. Qd8+ Be8 43. Nf3 Qe3+ 44. Kh1 Qxb3 45. Rc1 Qxd5 46.
Ng5 Qc6 0-1